Territorios del Imperio Español en 1545 con un mapa - Estadísticas

Estadísticas generales
  • Esta prueba ha sido intentada 128 veces
  • La puntuación promedio es 24 de 40
Respuestas en el mapa
Las respuestas están codificadas por una escala verde-roja en el mapa de la prueba según el % correcto abajo.
 
Estadísticas de respuestas
Respuesta % Correcto
Aragón
94%
Castilla
94%
Cataluña
93%
Sicilia
93%
Galicia
92%
Valencia
92%
León
91%
Navarra
90%
Murcia
88%
Granada
87%
Nápoles
87%
Córdoba
86%
Perú
86%
Sevilla
86%
Canarias
85%
Nueva España
85%
Cerdeña
83%
Jaén
82%
Toledo
81%
Flandes
80%
Mallorca
76%
Nueva Granada
73%
Milán
65%
Puerto Rico
59%
Holanda
58%
Luxemburgo
52%
Guatemala
46%
Santo Domingo
42%
Frisia
23%
Brabante
20%
Zelanda
18%
Limburgo
17%
Artois
16%
Groninga
14%
Namur
12%
Güeldres
10%
Henao
10%
Overijssel
8%
Drente
7%
Santiago
7%
No se encontraron pruebas coincidentes
Distribución de puntuación
Porcentaje de gente con cada puntuación
Porcentaje por número respondido
Historial de tus puntuaciones
No has intentado esta prueba.